[Event "Rio Grande do Norte zt CBX"]
[Site "Natal"]
[Date "2015.03.29"]
[Round "4.1"]
[White "Silveira Filho, Neri da Silva"]
[Black "Macedo, Maximo Valerio"]
[Result "1-0"]
[WhiteElo "2171"]
[BlackElo "2105"]
[PlyCount "79"]
[EventDate "2015.03.27"]
[EventType "swiss"]
[EventRounds "5"]
[EventCountry "BRA"]
[SourceTitle "EXT 2022"]
[Source "ChessBase"]
[SourceDate "2021.10.06"]
[SourceVersion "1"]
[SourceVersionDate "2021.10.06"]
[SourceQuality "1"]

1. e4 e5 2. Nf3 Nc6 3. c3 Qe7 4. d4 d6 5. Bb5 Bd7 6. 0-0 g6 7. Bg5 Nf6 8. Qb3 Bg7 9. Bxc6 bxc6 10. dxe5 dxe5 11. Qb7 Rc8 12. Nbd2 h6 13. Be3 0-0 14. Qxa7 Rfe8 15. Qc5 Qe6 16. h3 Rb8 17. Qa3 Bf8 18. b4 c5 19. bxc5 Bc6 20. Qc1 Nxe4 21. Nxe4 Bxe4 22. Nd2 Bc6 23. Re1 Qd5 24. f3 Kh7 25. Ne4 Qe6 26. Bf2 f5 27. Nd2 Rb5 28. Nb3 f4 29. Nd4 exd4 30. Rxe6 Rxe6 31. Qxf4 Bg7 32. Bxd4 Re7 33. Kh2 Rb2 34. Re1 Rd7 35. Re6 Bb5 36. Qe4 Rf7 37. Qxg6+ Kg8 38. Rf6 Re7 39. Re6 Rf7 40. c6 1-0

[Event "Rio Grande do Norte zt CBX"]
[Site "Natal"]
[Date "2015.03.28"]
[Round "2.2"]
[White "Silveira Filho, Neri da Silva"]
[Black "De Lima, Alan Silva"]
[Result "1/2-1/2"]
[WhiteElo "2171"]
[BlackElo "1950"]
[PlyCount "84"]
[EventDate "2015.03.27"]
[EventType "swiss"]
[EventRounds "5"]
[EventCountry "BRA"]
[SourceTitle "EXT 2022"]
[Source "ChessBase"]
[SourceDate "2021.10.06"]
[SourceVersion "1"]
[SourceVersionDate "2021.10.06"]
[SourceQuality "1"]

1. e4 c5 2. Nc3 g6 3. f4 Bg7 4. Nf3 d6 5. Bc4 a6 6. a4 Nc6 7. f5 Nf6 8. 0-0 0-0 9. d3 Nd4 10. Nxd4 cxd4 11. Nd5 Nxd5 12. Bxd5 e6 13. fxe6 Bxe6 14. Bxe6 fxe6 15. Rxf8+ Qxf8 16. Qg4 Qe7 17. Bg5 Qd7 18. Rf1 Rf8 19. Rxf8+ Kxf8 20. Kf1 Kf7 21. Ke1 Be5 22. Qh3 Kg8 23. g3 d5 24. Qg4 dxe4 25. Qxe4 Qd5 26. Qxd5 exd5 27. Kd2 Kf7 28. Bd8 Ke6 29. Ke2 h5 30. Kf3 Kf5 31. h4 Bd6 32. Bb6 Be5 33. Bc5 g5 34. hxg5 Kxg5 35. Be7+ Kf5 36. Bb4 Bc7 37. Bd2 b5 38. axb5 axb5 39. Bh6 Be5 40. Bd2 Bf6 41. Bf4 Bg7 42. Bd2 Be5 1/2-1/2

[Event "Joao Pessoa op 6th"]
[Site "Joao Pessoa"]
[Date "2015.03.13"]
[Round "1"]
[White "Lucena, Helianto dos Santos"]
[Black "Silveira Filho, Neri da Silva"]
[Result "0-1"]
[WhiteElo "1817"]
[BlackElo "2171"]
[PlyCount "36"]
[EventDate "2015.03.13"]
[EventType "swiss"]
[EventRounds "6"]
[EventCountry "BRA"]
[SourceTitle "CBM 165 Extra"]
[Source "ChessBase"]
[SourceDate "2015.04.21"]
[SourceVersion "1"]
[SourceVersionDate "2015.04.21"]
[SourceQuality "1"]

1. d4 f5 2. e3 Nf6 3. Bd3 g6 4. Nd2 Bg7 5. Ngf3 0-0 6. c3 d6 7. Qb3+ e6 8. 0-0 Qe7 9. e4 Nh5 10. exf5 gxf5 11. Nc4 Kh8 12. Bg5 Bf6 13. Bd2 Rg8 14. Rae1 Qg7 15. g3 f4 16. Nfe5 dxe5 17. Nxe5 fxg3 18. fxg3 Nd7 0-1

[Event "Joao Pessoa op 6th"]
[Site "Joao Pessoa"]
[Date "2015.03.13"]
[Round "2"]
[White "Silveira Filho, Neri da Silva"]
[Black "Dornelles, Marcio Neron Camarg"]
[Result "1/2-1/2"]
[WhiteElo "2171"]
[BlackElo "1960"]
[PlyCount "86"]
[EventDate "2015.03.13"]
[EventType "swiss"]
[EventRounds "6"]
[EventCountry "BRA"]
[SourceTitle "CBM 165 Extra"]
[Source "ChessBase"]
[SourceDate "2015.04.21"]
[SourceVersion "1"]
[SourceVersionDate "2015.04.21"]
[SourceQuality "1"]

1. e4 e6 2. d4 d5 3. Nc3 Nf6 4. e5 Nfd7 5. Nf3 c5 6. dxc5 Bxc5 7. Bd3 Nc6 8. Bf4 a6 9. 0-0 Be7 10. Re1 Nc5 11. Bf1 Bd7 12. a3 b5 13. b4 Nb7 14. Ne2 a5 15. c3 g5 16. Bg3 h5 17. h3 g4 18. hxg4 hxg4 19. Nh2 Bh4 20. Nxg4 Bxg3 21. Nxg3 Qh4 22. Nf6+ Ke7 23. Bxb5 Rh6 24. Nxd7 Kxd7 25. Qf3 f5 26. Kf1 Rah8 27. Rad1 Kc7 28. Bxc6 Qc4+ 29. Qd3 Qxc6 30. Ke2 f4 31. Nf1 Rg8 32. g3 fxg3 33. Nxg3 Rg4 34. Kd2 Rh2 35. Qe3 Rg8 36. Rh1 Rg2 37. Rh7+ Kb8 38. Kc1 axb4 39. axb4 Qa4 40. Ne2 Qa1+ 41. Kd2 Qa2+ 42. Kd3 Qc4+ 43. Kc2 Qa2+ 1/2-1/2

[Event "American Continental 10th"]
[Site "Praia da Pipa"]
[Date "2014.10.22"]
[Round "7"]
[White "Azevedo Junior, Jose Ferreira"]
[Black "Silveira Filho, Neri da Silva"]
[Result "1/2-1/2"]
[WhiteElo "2088"]
[BlackElo "2200"]
[PlyCount "84"]
[EventDate "2014.10.18"]
[EventType "swiss"]
[EventRounds "11"]
[EventCountry "BRA"]
[SourceTitle "EXT 2015"]
[Source "ChessBase"]
[SourceDate "2014.11.20"]
[SourceVersion "1"]
[SourceVersionDate "2014.11.20"]
[SourceQuality "1"]

1. c4 g6 2. Nc3 Bg7 3. d4 d6 4. Nf3 Nd7 5. e3 e5 6. Be2 Ne7 7. b3 0-0 8. Bb2 h6 9. 0-0 f5 10. dxe5 Nxe5 11. Qd2 Be6 12. Rad1 a6 13. Qc1 Qe8 14. Nd5 Bxd5 15. cxd5 Nxf3+ 16. Bxf3 Bxb2 17. Qxb2 Qf7 18. e4 Qf6 19. Qc1 fxe4 20. Bxe4 Qf4 21. Qc2 c5 22. dxc6 bxc6 23. Bxc6 Rac8 24. Bd5+ Kh7 25. Qe4 Nxd5 26. Qxd5 Rc2 27. g3 Qf7 28. a4 Qxd5 29. Rxd5 Rf6 30. Ra5 Rc6 31. b4 g5 32. b5 axb5 33. Rxb5 Rc2 34. f4 gxf4 35. Rxf4 Rxf4 36. gxf4 Rc4 37. Ra5 Rxf4 38. Ra7+ Kg6 39. a5 Ra4 40. a6 Ra2 41. Ra8 d5 42. a7 Kh5 1/2-1/2

[Event "American Continental 10th"]
[Site "Praia da Pipa"]
[Date "2014.10.20"]
[Round "4"]
[White "Silveira Filho, Neri da Silva"]
[Black "Bastos, Werton Alvarenga"]
[Result "1/2-1/2"]
[WhiteElo "2200"]
[BlackElo "2071"]
[PlyCount "242"]
[EventDate "2014.10.18"]
[EventType "swiss"]
[EventRounds "11"]
[EventCountry "BRA"]
[SourceTitle "EXT 2015"]
[Source "ChessBase"]
[SourceDate "2014.11.20"]
[SourceVersion "1"]
[SourceVersionDate "2014.11.20"]
[SourceQuality "1"]

1. d4 Nf6 2. Nc3 d5 3. Bg5 Nbd7 4. Nf3 c6 5. e3 e6 6. Bd3 Bd6 7. e4 dxe4 8. Nxe4 Be7 9. Qe2 Nxe4 10. Bxe7 Qxe7 11. Bxe4 Nf6 12. Bd3 Bd7 13. 0-0 0-0 14. Ne5 c5 15. Nxd7 Nxd7 16. d5 Rfe8 17. Rfe1 Qd6 18. Rad1 exd5 19. Qxe8+ Rxe8 20. Rxe8+ Nf8 21. Ra8 g6 22. Bc4 d4 23. Re1 Kg7 24. Ree8 Ne6 25. Bxe6 fxe6 26. Rxa7 Qf4 27. Rxb7+ Kh6 28. g3 Qc1+ 29. Kg2 Qxc2 30. Rxe6 Qc4 31. Ree7 Qd5+ 32. f3 Qc4 33. Rxh7+ Kg5 34. h4+ Kf6 35. Rb6+ Ke5 36. Kh3 Qf1+ 37. Kg4 Qb1 38. Re7+ Kd5 39. Re4 Qxa2 40. Ree6 d3 41. Rbd6+ Kc4 42. Re4+ Kb5 43. Rxd3 Qxb2 44. Rd5 Qh8 45. Ree5 Qc8+ 46. Kg5 Qf8 47. Rxc5+ Kb6 48. Kg4 Qf7 49. Rcd5 Qf6 50. Re8 Qf7 51. Rde5 Qc4+ 52. f4 Qd3 53. R8e6+ Kc7 54. Rc5+ Kb7 55. Re1 Qd7+ 56. Kg5 Qd8+ 57. Kg4 Qd7+ 58. Kf3 Qd3+ 59. Re3 Qd1+ 60. Ke4 Qa4+ 61. Ke5 Qe8+ 62. Kd4 Qa4+ 63. Rc4 Qd7+ 64. Kc3 Qd1 65. Rb4+ Kc7 66. Rb3 Qd6 67. Re4 Qf6+ 68. Kd3 Qa6+ 69. Ke3 Qa1 70. Rc4+ Kd6 71. Rd3+ Ke6 72. Rc6+ Kf5 73. Rd5+ Kg4 74. Rxg6+ Kh3 75. Rdd6 Qa4 76. h5 Qa7+ 77. Ke4 Qe7+ 78. Kf5 Qf7+ 79. Ke5 Qe7+ 80. Rge6 Qg7+ 81. Ke4 Qb7+ 82. Kf5 Kxg3 83. h6 Qf7+ 84. Kg5 Qxf4+ 85. Kg6 Qc4 86. Rc6 Qd3+ 87. Kf6 Qd8+ 88. Ke5 Qb8+ 89. Kd5 Qb5+ 90. Kd6 Qb8+ 91. Ke7 Qb7+ 92. Kf8 Qb8+ 93. Kf7 Qb7+ 94. Kg8 Qb8+ 95. Kf7 Qb7+ 96. Kf8 Qb8+ 97. Ke7 Qb7+ 98. Kd8 Qa8+ 99. Kd7 Qb7+ 100. Rc7 Qd5+ 101. Rd6 Qf7+ 102. Kc6 Qc4+ 103. Kb7 Qe4+ 104. Rdc6 Qb4+ 105. Ka7 Qa5+ 106. Kb8 Qb4+ 107. Rb7 Qf8+ 108. Ka7 Qa3+ 109. Ra6 Qc5+ 110. Rab6 Qa3+ 111. Kb8 Qf8+ 112. Kc7 Qe7+ 113. Kc6 Qe6+ 114. Kc5 Qe5+ 115. Kb4 Qd4+ 116. Ka3 Qc5+ 117. Kb2 Qf2+ 118. Ka1 Qe1+ 119. Ka2 Qd2+ 120. Ka3 Qc1+ 121. Kb3 Qe3+ 1/2-1/2

[Event "Joao Pessoa-ch"]
[Site "Joao Pessoa"]
[Date "2014.08.03"]
[Round "5"]
[White "Nunes, Marcelo Basilio"]
[Black "Silveira Filho, Neri da Silva"]
[Result "1-0"]
[WhiteElo "2069"]
[BlackElo "2202"]
[PlyCount "59"]
[EventDate "2014.08.01"]
[EventType "swiss"]
[EventRounds "6"]
[EventCountry "BRA"]
[SourceTitle "CBM 161 Extra"]
[Source "ChessBase"]
[SourceDate "2014.08.29"]
[SourceVersion "1"]
[SourceVersionDate "2014.08.29"]
[SourceQuality "1"]

1. d4 g6 2. e4 Bg7 3. f3 c5 4. d5 f5 5. exf5 gxf5 6. c3 Nf6 7. Bc4 0-0 8. Nh3 e5 9. d6+ Kh8 10. Bg5 Nc6 11. a4 b6 12. Na3 Qe8 13. Qd2 Qg6 14. 0-0 Bb7 15. Rad1 a6 16. Kh1 Rae8 17. Be3 Nd8 18. Nc2 Ne6 19. Be2 Nd5 20. Bg1 Nef4 21. Nxf4 Nxf4 22. Bc4 Bh6 23. Be3 Rf6 24. g3 Qh5 25. Ne1 Nh3 26. Bxh6 Rxh6 27. Bf7 Qxf7 28. Qxh6 Qb3 29. Rd2 Qc4 30. Qxh3 1-0

[Event "Natal Potiguar op 3rd"]
[Site "Natal"]
[Date "2014.04.20"]
[Round "4"]
[White "Silveira Filho, Neri da Silva"]
[Black "Gomes da Silva, Tales"]
[Result "1-0"]
[WhiteElo "2243"]
[BlackElo "1833"]
[PlyCount "55"]
[EventDate "2014.04.18"]
[EventType "swiss"]
[EventRounds "5"]
[EventCountry "BRA"]
[SourceTitle "CBM 160 Extra"]
[Source "ChessBase"]
[SourceDate "2014.07.01"]
[SourceVersion "1"]
[SourceVersionDate "2014.07.01"]
[SourceQuality "1"]

1. e4 e5 2. Nf3 Nc6 3. d3 Nf6 4. Be2 Be7 5. 0-0 0-0 6. c3 d5 7. Qc2 Re8 8. Rd1 d4 9. Nbd2 dxc3 10. bxc3 a6 11. Nc4 Bf8 12. Bg5 b5 13. Ne3 Be6 14. d4 exd4 15. Nxd4 Nxd4 16. cxd4 Qc8 17. Bf3 Rb8 18. e5 Ng4 19. Rac1 Nxe3 20. fxe3 Be7 21. Bf4 Bc4 22. d5 Bc5 23. Kh1 h6 24. e6 Ba3 25. exf7+ Kxf7 26. Qh7 Rh8 27. Bh5+ Kf6 28. Qg6+ 1-0

[Event "Natal Potiguar op 3rd"]
[Site "Natal"]
[Date "2014.04.19"]
[Round "2"]
[White "Silveira Filho, Neri da Silva"]
[Black "Azevedo, Alcides Alexandre"]
[Result "0-1"]
[WhiteElo "2243"]
[BlackElo "2029"]
[PlyCount "126"]
[EventDate "2014.04.18"]
[EventType "swiss"]
[EventRounds "5"]
[EventCountry "BRA"]
[SourceTitle "CBM 160 Extra"]
[Source "ChessBase"]
[SourceDate "2014.07.01"]
[SourceVersion "1"]
[SourceVersionDate "2014.07.01"]
[SourceQuality "1"]

1. d4 d5 2. Nc3 Nf6 3. Bg5 Bf5 4. e3 Nbd7 5. Nf3 h6 6. Bh4 e6 7. Bd3 Bb4 8. 0-0 c6 9. Qe2 Qa5 10. e4 Bg4 11. exd5 cxd5 12. Nd1 0-0 13. Ne3 Bh5 14. a3 Bd6 15. c4 Qc7 16. h3 g5 17. g4 Bg6 18. c5 Bf4 19. Bxg6 fxg6 20. Bg3 Bxg3 21. fxg3 Qxg3+ 22. Qg2 Qxg2+ 23. Kxg2 Ne4 24. Rac1 Rac8 25. b4 a6 26. h4 gxh4 27. Nxh4 Rxf1 28. Rxf1 Kg7 29. a4 Nc3 30. b5 axb5 31. axb5 Nxb5 32. Rb1 Nxd4 33. Rxb7 Rd8 34. Nf3 Nxf3 35. Kxf3 Kf6 36. Rc7 Ne5+ 37. Kg3 d4 38. Nd1 Ra8 39. Nf2 Ra3+ 40. Kg2 Kg5 41. Re7 Ra2 42. Kg3 Rxf2 43. Kxf2 Nd3+ 44. Kf3 Nxc5 45. Rc7 Nd3 46. Ke4 Nf2+ 47. Kxd4 Nxg4 48. Ke4 Kf6 49. Rc8 h5 50. Kf4 g5+ 51. Kg3 Kf5 52. Kf3 Ne5+ 53. Kg3 Ng4 54. Kf3 Nf6 55. Rc5+ e5 56. Ra5 h4 57. Kg2 g4 58. Kh2 Ne4 59. Ra8 Ng5 60. Kg2 g3 61. Rg8 Kg4 62. Rg7 h3+ 63. Kh1 Kf4 0-1

[Event "Natal Potiguar op 3rd"]
[Site "Natal"]
[Date "2014.04.18"]
[Round "1"]
[White "De Lima, Alan Silva"]
[Black "Silveira Filho, Neri da Silva"]
[Result "0-1"]
[WhiteElo "1918"]
[BlackElo "2243"]
[PlyCount "116"]
[EventDate "2014.04.18"]
[EventType "swiss"]
[EventRounds "5"]
[EventCountry "BRA"]
[SourceTitle "CBM 160 Extra"]
[Source "ChessBase"]
[SourceDate "2014.07.01"]
[SourceVersion "1"]
[SourceVersionDate "2014.07.01"]
[SourceQuality "1"]

1. c4 f5 2. d4 Nf6 3. Nc3 g6 4. e3 Bg7 5. Bd3 0-0 6. Nge2 d6 7. d5 e5 8. f3 c5 9. 0-0 Na6 10. e4 Nc7 11. a4 Na6 12. Na2 Bd7 13. Bg5 h6 14. Bh4 g5 15. Be1 f4 16. g4 h5 17. h3 hxg4 18. hxg4 Bxg4 19. Nxf4 exf4 20. fxg4 Qd7 21. Rf2 Nxg4 22. Rg2 Ne3 23. Qh5 Nxg2 24. Kxg2 f3+ 25. Kf1 Rf6 26. Qxg5 Qh3+ 27. Kg1 Rh6 28. Kf2 Rf8 29. Bc3 Qg2+ 30. Qxg2 fxg2+ 31. Kxg2 Rg6+ 32. Kh2 Bxc3 33. Nxc3 Kg7 34. Bf1 Rh8+ 35. Bh3 Rgh6 36. Rg1+ Kf6 37. Rg3 Ke5 38. Kg2 Nb4 39. b3 a6 40. Nd1 Rh5 41. Nf2 Kd4 42. Bf5 Rh2+ 43. Kg1 Ke5 44. Bh3 Rxf2 45. Kxf2 Kxe4 46. a5 Nd3+ 47. Kg1 Nf4 48. Bf1 Rh6 49. Bg2+ Kd4 50. Rg7 Rg6 51. Rxb7 Rxg2+ 52. Kf1 Ke3 53. Re7+ Kf3 54. Ke1 Re2+ 55. Rxe2 Nxe2 56. b4 cxb4 57. c5 dxc5 58. d6 Nd4 0-1

[Event "Joao Pessoa op 5th"]
[Site "Joao Pessoa"]
[Date "2014.03.16"]
[Round "6"]
[White "Silveira Filho, Neri da Silva"]
[Black "Martins, Vinicius Tine"]
[Result "1/2-1/2"]
[WhiteElo "2230"]
[BlackElo "2348"]
[PlyCount "76"]
[EventDate "2014.03.14"]
[EventType "swiss"]
[EventRounds "6"]
[EventCountry "BRA"]
[SourceTitle "CBM 159 Extra"]
[Source "ChessBase"]
[SourceDate "2014.04.24"]
[SourceVersion "1"]
[SourceVersionDate "2014.04.24"]
[SourceQuality "1"]

1. e4 c5 2. Nf3 d6 3. d4 cxd4 4. Nxd4 g6 5. Be2 Nf6 6. Nc3 Bg7 7. 0-0 0-0 8. Be3 Nc6 9. h3 Bd7 10. Nb3 a5 11. Rb1 a4 12. Nd2 Be6 13. a3 Qd7 14. Nc4 Bxc4 15. Bxc4 Ne5 16. Bb5 Qe6 17. Qe2 Nc6 18. Bc4 Qc8 19. Rfd1 Nd7 20. Nd5 e6 21. Nb6 Nxb6 22. Bxb6 Be5 23. g3 Qb8 24. f4 Bf6 25. Kg2 Na7 26. Qf2 Nc8 27. Bd4 Bxd4 28. Qxd4 Ra5 29. Qf6 Qc7 30. b4 Qxc4 31. bxa5 Qe2+ 32. Kg1 Qe3+ 33. Kh2 Qf2+ 34. Kh1 Qf3+ 35. Kh2 Qf2+ 36. Kh1 Qf3+ 37. Kh2 Qf2+ 38. Kh1 Qf3+ 1/2-1/2

[Event "Joao Pessoa op 5th"]
[Site "Joao Pessoa"]
[Date "2014.03.15"]
[Round "3"]
[White "De Lira Machado, Alexandre Henri"]
[Black "Silveira Filho, Neri da Silva"]
[Result "0-1"]
[WhiteElo "2022"]
[BlackElo "2230"]
[PlyCount "92"]
[EventDate "2014.03.14"]
[EventType "swiss"]
[EventRounds "6"]
[EventCountry "BRA"]
[SourceTitle "CBM 159 Extra"]
[Source "ChessBase"]
[SourceDate "2014.04.24"]
[SourceVersion "1"]
[SourceVersionDate "2014.04.24"]
[SourceQuality "1"]

1. e4 g6 2. d4 Bg7 3. Bc4 d6 4. c3 Nf6 5. Qe2 e5 6. d5 0-0 7. Bg5 h6 8. Bxf6 Qxf6 9. Nd2 Nd7 10. a4 Qe7 11. h4 Nf6 12. Qd3 Nh5 13. Ne2 f5 14. 0-0-0 Bd7 15. Bb3 Qe8 16. a5 a6 17. Rde1 fxe4 18. Nxe4 Bf5 19. f3 Qb5 20. c4 Qxa5 21. g4 Bxe4 22. Qxe4 Nf4 23. Kc2 Nxe2 24. Rxe2 Rf6 25. g5 hxg5 26. Rg2 Raf8 27. Rxg5 Rxf3 28. Qxg6 Rf2+ 29. Kb1 R8f7 30. Qe4 Rf1+ 31. Bd1 Rxh1 32. Qxh1 Qd2 33. Bc2 Qe2 34. Rf5 Rxf5 35. Bxf5 Qxc4 36. Qf3 Qxh4 37. Be6+ Kh7 38. Qf5+ Kh6 39. Bg8 Bf6 40. Bf7 Qg5 41. Qd7 e4 42. Qh3+ Kg7 43. Qd7 Qe5 44. Be6+ Kh6 45. Kc1 Qxb2+ 46. Kd1 e3 0-1

[Event "Joao Pessoa op 5th"]
[Site "Joao Pessoa"]
[Date "2014.03.15"]
[Round "4"]
[White "Silveira Filho, Neri da Silva"]
[Black "Lima Neto, Pedro"]
[Result "1-0"]
[WhiteElo "2230"]
[BlackElo "2068"]
[PlyCount "113"]
[EventDate "2014.03.14"]
[EventType "swiss"]
[EventRounds "6"]
[EventCountry "BRA"]
[SourceTitle "CBM 159 Extra"]
[Source "ChessBase"]
[SourceDate "2014.04.24"]
[SourceVersion "1"]
[SourceVersionDate "2014.04.24"]
[SourceQuality "1"]

1. g3 e5 2. Bg2 Nf6 3. c4 c6 4. Nc3 Bc5 5. e3 0-0 6. d4 exd4 7. exd4 Bb4 8. Nge2 d5 9. cxd5 Nxd5 10. 0-0 Be6 11. Ne4 Na6 12. N2c3 Nb6 13. f4 Qd7 14. a3 Be7 15. b3 Rad8 16. Be3 Nd5 17. Nxd5 Bxd5 18. Nc3 Bxg2 19. Kxg2 Bf6 20. Qf3 Nc7 21. Ne4 Nd5 22. Bf2 Rfe8 23. Rfe1 Qc7 24. Rad1 h6 25. f5 Be7 26. b4 a5 27. bxa5 Qxa5 28. Rd3 Ra8 29. Rb1 b6 30. g4 Bg5 31. Bg3 Rxe4 32. Qxe4 Nc3 33. Rxc3 Qxc3 34. Rxb6 Rc8 35. a4 Be3 36. Be5 Qd2+ 37. Kh3 Qc3 38. Qf3 f6 39. Bg3 Bxd4 40. Qxc3 Bxc3 41. Kg2 Bd4 42. Rb8 Rxb8 43. Bxb8 Bb6 44. Kf3 Kf7 45. Ke4 Ke7 46. Kd3 Kd7 47. Kc4 Bd8 48. Kc5 Be7+ 49. Kc4 Kc8 50. Ba7 Bd6 51. h3 Kb7 52. Bc5 Bf4 53. Bf8 Kb6 54. Bxg7 Bg5 55. Bf8 Be3 56. Bb4 Bf2 57. Bc5+ 1-0

[Event "Joao Pessoa op 5th"]
[Site "Joao Pessoa"]
[Date "2014.03.14"]
[Round "1"]
[White "Baltar, Petrov Ferreira"]
[Black "Silveira Filho, Neri da Silva"]
[Result "0-1"]
[WhiteElo "1816"]
[BlackElo "2230"]
[PlyCount "102"]
[EventDate "2014.03.14"]
[EventType "swiss"]
[EventRounds "6"]
[EventCountry "BRA"]
[SourceTitle "CBM 159 Extra"]
[Source "ChessBase"]
[SourceDate "2014.04.24"]
[SourceVersion "1"]
[SourceVersionDate "2014.04.24"]
[SourceQuality "1"]

1. d4 g6 2. c4 Bg7 3. e4 Nc6 4. Nf3 d6 5. h3 Nf6 6. Nc3 0-0 7. Be2 e5 8. 0-0 exd4 9. Nxd4 Nxe4 10. Be3 Nxc3 11. bxc3 Re8 12. Bf3 Bd7 13. Rb1 Rb8 14. Bd5 Ne5 15. Nf3 c6 16. Nxe5 Bxe5 17. Bf3 b6 18. Qd2 Qf6 19. Rbc1 Qe6 20. Qd3 b5 21. cxb5 Rxb5 22. c4 Ra5 23. Qd2 Ra3 24. Bg4 f5 25. Bd1 Rb8 26. Bb3 c5 27. Rfd1 Rb6 28. Bxc5 dxc5 29. Qxd7 Qxd7 30. Rxd7 Bd4 31. Re1 Rb8 32. Ree7 a5 33. Ra7 a4 34. Rxa4 Rxa4 35. Bxa4 Rb2 36. Bc6 Rxa2 37. Re8+ Kf7 38. Ra8 Rxf2 39. Bd5+ Kf6 40. Kh2 Re2 41. h4 Be5+ 42. Kg1 Bg3 43. Ra6+ Kg7 44. Ra1 Bxh4 45. Bf3 Rc2 46. Bd5 Bg3 47. Rf1 Kf6 48. Bg8 h5 49. Bd5 g5 50. Bg8 f4 51. Bd5 Ke5 0-1

[Event "Natal CBX zt"]
[Site "Natal"]
[Date "2014.02.22"]
[Round "2"]
[White "Silveira Filho, Neri da Silva"]
[Black "Medeiros, Israel Costa Smith"]
[Result "1-0"]
[WhiteElo "2226"]
[BlackElo "1933"]
[PlyCount "65"]
[EventDate "2014.02.21"]
[EventType "swiss"]
[EventRounds "5"]
[EventCountry "BRA"]
[SourceTitle "CBM 159 Extra"]
[Source "ChessBase"]
[SourceDate "2014.04.24"]
[SourceVersion "1"]
[SourceVersionDate "2014.04.24"]
[SourceQuality "1"]

1. g3 Nf6 2. Bg2 g6 3. e4 d6 4. d4 Bg7 5. Ne2 0-0 6. 0-0 e5 7. h3 Nc6 8. Be3 Re8 9. Nbc3 exd4 10. Nxd4 Bd7 11. Qd2 Nxd4 12. Bxd4 Bc6 13. Rae1 Nh5 14. Bxg7 Kxg7 15. g4 Nf6 16. f4 h6 17. Qd4 Kg8 18. b4 a6 19. a4 b6 20. Qc4 Bb7 21. g5 Nh5 22. gxh6 Qh4 23. Qd4 c5 24. bxc5 bxc5 25. Qxd6 Rad8 26. Qxc5 Rd2 27. Qg5 Qxg5 28. fxg5 Rxc2 29. Nd5 Re5 30. h4 Ng3 31. Nf6+ Kh8 32. Rd1 Ne2+ 33. Kh2 1-0

[Event "Pan American-ch Seniors"]
[Site "Brazil"]
[Date "2013.12.07"]
[Round "5.2"]
[White "Silveira Filho, Neri da Silva"]
[Black "Dantas, Francisco"]
[Result "1-0"]
[WhiteElo "2211"]
[BlackElo "2009"]
[PlyCount "75"]
[EventDate "2013.12.04"]
[EventType "swiss"]
[EventRounds "7"]
[EventCountry "BRA"]
[SourceTitle "EXT 2015"]
[Source "ChessBase"]
[SourceDate "2014.11.20"]
[SourceVersion "1"]
[SourceVersionDate "2014.11.20"]
[SourceQuality "1"]

1. e4 c5 2. Nf3 d6 3. d4 cxd4 4. Nxd4 Nf6 5. Nc3 a6 6. g3 e5 7. Nde2 Be6 8. Bg2 Be7 9. h3 h5 10. Be3 b5 11. 0-0 0-0 12. f4 Nc6 13. Nd5 Rb8 14. Nxe7+ Qxe7 15. f5 Bc4 16. b3 Bxe2 17. Qxe2 Rbc8 18. c3 Nb8 19. Rac1 Qb7 20. Rfd1 Rc6 21. g4 hxg4 22. hxg4 Rfc8 23. g5 Ne8 24. Rd3 Nd7 25. Bf2 Kf8 26. Rh3 Ke7 27. Qd2 Kd8 28. Rh8 Nb6 29. g6 f6 30. Rf8 Nd7 31. Rf7 R6c7 32. Qd3 Nb8 33. Rf8 Nd7 34. Qxd6 Rxc3 35. Rd1 Qc6 36. Bb6+ Rc7 37. Bxc7+ Qxc7 38. Rxe8+ 1-0

[Event "Pan American-ch Seniors"]
[Site "Brazil"]
[Date "2013.12.06"]
[Round "4.1"]
[White "Macedo, Maximo Valerio"]
[Black "Silveira Filho, Neri da Silva"]
[Result "0-1"]
[WhiteElo "2050"]
[BlackElo "2211"]
[PlyCount "82"]
[EventDate "2013.12.04"]
[EventType "swiss"]
[EventRounds "7"]
[EventCountry "BRA"]
[SourceTitle "EXT 2015"]
[Source "ChessBase"]
[SourceDate "2014.11.20"]
[SourceVersion "1"]
[SourceVersionDate "2014.11.20"]
[SourceQuality "1"]

1. d4 Nf6 2. c4 c5 3. d5 e6 4. Nc3 exd5 5. cxd5 d6 6. e4 g6 7. f3 Bg7 8. Be3 0-0 9. Qd2 Re8 10. Bd3 Na6 11. Nge2 Nc7 12. Bg5 Rb8 13. a4 a6 14. 0-0 b5 15. axb5 axb5 16. Nd1 c4 17. Bc2 h6 18. Be3 Kh7 19. Bd4 Bd7 20. Ne3 Ra8 21. Ng3 h5 22. Rfd1 h4 23. Ngf1 Bh6 24. Qf2 Nh5 25. Bb6 Rxa1 26. Rxa1 Qb8 27. Bd4 Nf4 28. Kh1 h3 29. g3 Nh5 30. Ra7 Bg7 31. Nd1 b4 32. Bxg7 Nxg7 33. Ra5 Nb5 34. Ra1 Qb7 35. Qd2 b3 36. Bb1 Ra8 37. Rxa8 Qxa8 38. Qb4 Qa1 39. Nd2 Nd4 40. Qc3 Qa7 41. Ne3 Nc2 0-1

[Event "Pan American-ch Seniors"]
[Site "Brazil"]
[Date "2013.12.04"]
[Round "1.1"]
[White "Silveira Filho, Neri da Silva"]
[Black "Goncalves, Dacio Lima"]
[Result "1-0"]
[WhiteElo "2211"]
[BlackElo "1899"]
[PlyCount "39"]
[EventDate "2013.12.04"]
[EventType "swiss"]
[EventRounds "7"]
[EventCountry "BRA"]
[SourceTitle "EXT 2015"]
[Source "ChessBase"]
[SourceDate "2014.11.20"]
[SourceVersion "1"]
[SourceVersionDate "2014.11.20"]
[SourceQuality "1"]

1. e4 c5 2. Nf3 d6 3. d4 cxd4 4. Nxd4 Nf6 5. Nc3 a6 6. h3 e6 7. g4 h6 8. Bg2 Be7 9. 0-0 Qc7 10. Be3 Bd7 11. Qe2 Nc6 12. Rad1 Rd8 13. a4 Nxd4 14. Rxd4 Bc6 15. Rfd1 e5 16. Rb4 Qc8 17. Bb6 Rd7 18. Rc4 Qb8 19. b4 Nxe4 20. Bxe4 1-0

[Event "Natal op"]
[Site "Natal"]
[Date "2013.09.07"]
[Round "4"]
[White "Bezerra, Flavio Rodrigo Cost"]
[Black "Silveira Filho, Neri da Silva"]
[Result "0-1"]
[WhiteElo "2066"]
[BlackElo "2209"]
[PlyCount "66"]
[EventDate "2013.09.06"]
[EventType "swiss"]
[EventRounds "6"]
[EventCountry "BRA"]
[SourceTitle "EXT 2016"]
[Source "ChessBase"]
[SourceDate "2015.10.08"]
[SourceVersion "1"]
[SourceVersionDate "2015.10.08"]
[SourceQuality "1"]

1. c4 c5 2. Nc3 Nf6 3. g3 d5 4. cxd5 Nxd5 5. Bg2 Nc7 6. Nf3 Nc6 7. 0-0 e5 8. d3 Be7 9. Be3 Ne6 10. Rc1 Ned4 11. Nd2 0-0 12. Nd5 Bg4 13. Re1 Rc8 14. Nxe7+ Qxe7 15. h3 Bh5 16. Ne4 b6 17. Nc3 Rfd8 18. g4 Bg6 19. Qa4 h5 20. Bxd4 Nxd4 21. e3 Ne6 22. d4 cxd4 23. Nd5 Qd6 24. Rxc8 Rxc8 25. Qxa7 dxe3 26. fxe3 Rc2 27. Rd1 Qc5 28. Qa4 Nf4 29. Nxf4 Qxe3+ 30. Kh1 exf4 31. gxh5 Rxg2 32. Qa8+ Kh7 33. Qxg2 Be4 0-1